000 00864nam a2200229Ia 4500
003 GCL
008 140319s9999 xx 000 0 ara d
020 _a1575683977
040 _aGCL /
_cGCL
082 0 4 _a025.1
_bهـ ا
100 1 _aهاربور، روبن ت.
245 1 0 _aادارة الوظائف الالكترونية للمكتبات /
_cهاربور، روبن ت.
260 _aالقاهرة :
_bمركز الاسكندرية للوسائط الثقافية والمكتبات ،
_c2003
300 _a131 ص ؛
_c20 سم
650 0 4 _aالمكتبات
650 0 4 _aالمكتبات - برامج الحاسبات
650 0 4 _aالمكتبات - تنظيم وادارة
650 0 4 _aالمكتبات - ادارة
650 0 4 _aالمكتبات - ادارة مالية
650 0 4 _aالمكتبات - اقتصاديات
942 _2ddc
_cBK
999 _c6055
_d6055